Loading...
| Literature - World/Other | 0 | 3 | 0 | 0 | 30 | 75 | 115.33 | 1 | 1 | 5.34 | 17.75 |
| Literature - American | 0 | 3 | 0 | 0 | 30 | 88 | 99.33 | 0 | 0 | 9.98 | 16.20 |
| History - Other | 0 | 2 | 0 | 0 | 20 | 124 | 126.50 | 0 | 0 | 0.34 | 2.62 |
| History - World | 0 | 2 | 0 | 0 | 20 | 91 | 109.00 | 0 | 1 | 2.67 | 9.41 |
| Fine Arts - Visual | 0 | 2 | 0 | 1 | 20 | 106 | 125.00 | 0 | 0 | 1.54 | 5.09 |
| History - American | 0 | 2 | 0 | 0 | 20 | 99 | 101.50 | 0 | 0 | 3.41 | 5.40 |
| Philosophy | 0 | 2 | 0 | 1 | 20 | 118 | 119.50 | 0 | 0 | -0.29 | 2.78 |
| Literature - European | 0 | 1 | 0 | 0 | 10 | 129 | 129.00 | 0 | 0 | 1.09 | 3.70 |
| Geography/Current Events | 0 | 1 | 0 | 1 | 10 | 120 | 120.00 | 0 | 0 | 0.00 | 2.50 |
| Science - Other | 0 | 1 | 0 | 0 | 10 | 99 | 99.00 | 0 | 1 | 2.65 | 4.17 |
| Literature - British | 0 | 1 | 1 | 0 | 5 | 131 | 131.00 | 0 | 0 | 0.56 | 5.56 |
| History - European | 0 | 0 | 0 | 0 | 0 | 0.00 | 0 | 0 | 0.00 | 0.00 |